000 00699cas a2200241 4500
001 L160165
008 180911n2018 eng u
035 _a(Sirsi) u160165
041 0 _aeng
110 2 _aCGA
_96212
245 0 0 _aMarket Growth Monitor
_h[electronic resource]
260 _c2018
490 0 _aMarket Growth Monitor
520 _aMonitors the licensed trade market including pubs and restaurants
554 _aMonthly
650 2 4 _aLICENSED PREMISES
650 2 4 _aPUBS
650 2 4 _aRESTAURANTS
651 4 _aUnited Kingdom
_y
690 _aCommercial property
_96227
856 4 8 _uhttps://www.cga.co.uk/blog/
_zView the item free of charge at www.cga.co.uk
942 _n0
999 _c85182
_d85182